| 000 | 00429nam a2200169Ia 4500 | ||
|---|---|---|---|
| 008 | 230711s9999||||xx |||||||||||||| ||und|| | ||
| 020 | _a978-93-80027-75-3 | ||
| 041 | _aENG | ||
| 082 |
_a658 _bPA-F |
||
| 100 | _aPandey,Adesh K | ||
| 245 | 0 | _aFundamentals of electronics commerce | |
| 250 | _a1st Ed. | ||
| 260 |
_c2009 _aNew Delhi _bS.K Kataria & Sons |
||
| 300 | _a191p. | ||
| 650 | _aUNIVESITY BUSNIESS SCHOOL | ||
| 942 | _cBK | ||
| 999 |
_c6030 _d6030 |
||